|
|
|
|
| LEADER |
00708cam a2200205 7i4500 |
| 001 |
0000033736 |
| 005 |
20210409090000.0 |
| 020 |
|
|
|a 9781596930940 (hbk.)
|
| 020 |
|
|
|a 1596930942
|
| 090 |
0 |
0 |
|a QH447
|b .G45 2007
|
| 245 |
0 |
0 |
|a Genome sequencing technology and algorithms
|c Sun Kim, Haixu Tang, Elaine R. Mardis, editors.
|
| 260 |
|
|
|a Boston:
|b Artech House,
|c 2007.
|
| 300 |
|
|
|a xiv, 259 p.:
|b ill.;
|c 24 cm.
|
| 650 |
0 |
0 |
|a Nucleotide sequence
|
| 650 |
0 |
0 |
|a Genomes --
|x Analysis
|
| 700 |
3 |
|
|a Sun, Kim
|
| 700 |
1 |
|
|a Mardis, Elaine R.
|
| 700 |
3 |
|
|a Haixu, Tang
|
| 997 |
|
|
|a Engineering & Life Sciences, Faculty
|b Science & Biotechnology, Department
|
| 999 |
|
|
|a 0000051264
|b BOK
|c OPEN SHELF
|e 2nd Floor, Bestari Jaya
|